Aristóteles y el Islam: las raíces griegas de la Europa cristiana

Na minha lista:
Detalhes bibliográficos
Autor principal: Gouguenheim, Sylvain (Author)
Formato: Livro
Idioma:espanhol
Publicado em: Madrid Gredos 2009
Assuntos:
Tags: Adicionar Tag
Sem tags, seja o primeiro a adicionar uma tag!

MARC

LEADER 00000cam a2200000 a 4500
001 UCF0664
003 CL-VaPUC
008 120531e20090000SP |||||||||||||||||spa|d
020 |a 9788429436181 
082 0 4 |a 940.1  |b GOU  |2 21 
100 0 |a Gouguenheim, Sylvain  |e author  |9 562374 
245 1 0 |a Aristóteles y el Islam: las raíces griegas de la Europa cristiana 
300 |a 267 p 
942 |c BK 
945 |d 20120531 00:00:00  |a dcastane 
260 |a Madrid  |b Gredos  |c 2009 
600 0 |a Aristóteles,  |d 384 a.C.- 322 a.C.  |9 194 
650 0 |a Civilización medieval   |9 265320 
650 7 |a INFLUENCIA GRIEGA  |2 CL-VaPUC  |9 562375 
650 0 |a Historia medieval   |9 258042 
650 0 |a Islamismo  |9 314084 
583 |a last modification  |c 20130319 06:35:20  |k Rodrigo Vera 
999 |c 347846  |d 347844 
952 |0 0  |1 0  |4 0  |6 940_100000000000000_GOU_2009  |7 0  |8 A  |9 449534  |a BIBHIS  |b BIBHIS  |d 2019-11-22  |i 486686K  |o 940.1 GOU 2009  |p 486686K  |r 2025-01-20  |w 2019-11-22  |y BK  |k HIS